Careers Through Competitive Examinations (Record no. 86093)

MARC details
000 -LEADER
fixed length control field 00437nam a2200133Ia 4500
008 - FIXED-LENGTH DATA ELEMENTS--GENERAL INFORMATION
fixed length control field 211109s9999||||xx |||||||||||||| ||und||
082 ## - DEWEY DECIMAL CLASSIFICATION NUMBER
Classification number 371.26
Item number CAR-C
100 ## - MAIN ENTRY--PERSONAL NAME
Personal name Careers Study Centre
245 #0 - TITLE STATEMENT
Title Careers Through Competitive Examinations
260 ## - PUBLICATION, DISTRIBUTION, ETC.
Name of publisher, distributor, etc. Careers Digest
Place of publication, distribution, etc. New Delhi
Date of publication, distribution, etc. 1974
630 ## - SUBJECT ADDED ENTRY--UNIFORM TITLE
General subdivision REFERENCE READING ROOM
650 ## - SUBJECT ADDED ENTRY--TOPICAL TERM
Topical term or geographic name entry element SOCIAL SCIENCE
942 ## - ADDED ENTRY ELEMENTS (KOHA)
Koha item type BOOK
650 ## - SUBJECT ADDED ENTRY--TOPICAL TERM
Form subdivision EDUCATION
General subdivision SCHOOLS &THEIR ACTIVITIES, SPECIAL EDUCATIONGeneralia
Holdings
Withdrawn status Lost status Damaged status Not for loan Home library Current library Date acquired Cost, normal purchase price Total Checkouts Full call number Barcode Shelving location Date last seen Price effective from Koha item type
        SB LIBRARY SB LIBRARY 09/11/2021 25.00   371.26 CAR-C 00070902 REFERENCE READING ROOM 09/11/2021 09/11/2021 BOOK

Powered by Koha